000 00974nam a22002537i 4500
999 _c23626
_d23626
003 AR-CdUCM
008 260423b20202020 pe||||| |||| 00| 0 spa d
020 _a978-84-368-21440-1
040 _aMUNICIPALIDAD PROVINCIAL DEL CUSCO
_cBIBLIOTECA MUNICIPAL DEL CUSCO
041 _hspa
082 _a152.4
_bA39
100 _aAlegre, Albert
_952658
245 _aDirigir con inteligencia emocional /
260 _aEspaña:
_bEdiciones Piramide (Grupo Anaya, S.A.)
_c2020
300 _a167 páginas. :
_c23x15 cm.
500 _zPáginas: 163-167
505 _aQue es la inteligencia emocional? -- La regulación emocional -- La confianza y la motivación -- Importancia de la inteligencia emocional -- Como fomentar la cooperación -- La empresa es un equipo
650 _aInteligencia Emocional
_950275
650 _aEl buenísimo
_952659
650 _aHacer algo juntos
_952660
856 _fwww.edicionespiramide.pe
942 _2ddc
_cLIBROS
945 _apbjr
_d23-04-2026